Stratégie startupov: súčasná situácia a budúca predikcia

Na minha lista:
Detalhes bibliográficos
Autor principal: Procházková, Katarína, 1983-
Formato: Capítulo de Livro
Idioma:eslovaco
inglês
Assuntos:
Tags: Adicionar Tag
Sem tags, seja o primeiro a adicionar uma tag!

MARC

LEADER 00000naa$a2200000$$$4500
001 0280995
005 20240502074350.2
041 0 |a slo 
041 0 |a eng 
044 |a SK 
245 1 0 |a Stratégie startupov: súčasná situácia a budúca predikcia  |c Katarína Procházková 
500 |a abstrakt 
610 2 0 |a start-up 
610 2 0 |a podnikanie 
610 2 0 |a digitalizácia 
610 2 0 |a inovácia 
610 2 0 |a marketing elektronický 
610 2 0 |a pandémia 
100 1 |a Procházková, Katarína, 1983-